Statistics for U.S. Cities by Clue #2

Click here to take the quiz!

General Stats

  • This quiz has been taken 25,542 times
    (16,833 since last reset)
  • The average score is 10 of 20

Answer Stats

Clues City % Correct
Hollywood, Smog, Rodeo DriveLos Angeles
99%
Lance Armstrong, AT&T, JFK AssassinationDallas
81%
Mormons, Winter Olympics, TabernacleSalt Lake City
81%
Mile High, John Elway, Red RocksDenver
74%
Steel, Carnegie Mellon, Three RiversPittsburgh
70%
Gambling, Boardwalk Empire, MonopolyAtlantic City
64%
Casinos, Lake Tahoe, Biggest Little CityReno
62%
John McCain, 122 °F, Valley of the SunPhoenix
60%
Bill Clinton, Pinnacle Mountain,
School Desegregation
Little Rock
59%
Confederate Capital, Jackson Ward, AltriaRichmond
46%
Rio Grande, Breaking Bad,
Sandia Laboratories
Albuquerque
45%
Porkopolis, Over-the-Rhine, Ohio RiverCincinnati
38%
Badgers, Named for a President,
Lake Mendota
Madison
38%
BBQ, Blues, StockyardsKansas City
32%
Island, Moby-Dick, Limerick SubjectNantucket
31%
GM, Michael Moore, Semi-ProFlint
29%
Blue Turf, Micron, I-84Boise
27%
Wright Brothers, Peace Accords,
Miami River
Dayton
23%
Will It Play?, Caterpillar, Illinois RiverPeoria
15%
Credit Cards, du Pont, I-95Wilmington
13%

Score Distribution

Percentile by Number Answered

Percent of People with Each Score

Your Score History

You have not taken this quiz since the last reset